Geography Quiz

Random Geography or State Quiz
Score 0/13 Timer 03:00
0 Plays Today
City % Correct
Las Vegas
100%
Atlantic City
87%
Reno
83.5%
New Orleans
48.7%
Chicago
39.1%
Biloxi
38.3%
Detroit
35.7%
St. Louis
34.8%
Philadelphia
33.9%
Tunica
16.5%
Shreveport
14.8%
Fort Lauderdale
7%
Palm Springs
6.1%
Remove Ads.
Support Sporcle.
Get the best of Sporcle when you Go Orange. This ad-free experience offers more features, more stats, and more fun while also helping to support Sporcle. Thank you for becoming a member.

You're not logged in!

Compare scores with friends on all Sporcle quizzes.
OR
Log In

Sporcle TV

Today on Sporcle TV


Watch our educational content, quiz creation guides, and fun videos on Sporcle TV.

Show Comments

Extras

Top Quizzes Today


Score Distribution

Paid Content

Your Account Isn't Verified!

In order to create a playlist on Sporcle, you need to verify the email address you used during registration. Go to your Sporcle Settings to finish the process.

Report this User

Report this user for behavior that violates our Community Guidelines.

Details: